zpět

Detail výsledku týmu

U Kapitána, Valtice

Datum a čas kvízu

40 Celkem bodů Celkový počet nahraných bodů na tomto kvízu bez doplňovacích otázek.
1. Pořadí na kvízu Konečné umístění týmu na tomto kvízu.

Zaznamenané odpovědi

# Otázka Odpověď Body Výsledky
1. Minulý týden se konala velmi k... zadek 1
2. Minulé pondělí byly oznámeny k... Moldavsko (Moldávie) 1
3. U příležitosti narozenin jedné... Marta Kubišová 1
4. Od 1. října 2025 došlo na Leti... 2 000 mililitrů 1
5. Nejvyšší česká fotbalová liga... FC Viktoria Plzeň, FK Pardubice 0
6. Wikipedii s nejvyšší pravděpod... z havajštiny 0
7. Fanoušci kvízu občas jistě se... A 1
8. Dobrým zdrojem informací jsou... Michal Suchánek, Richard Genzer 1
9. Mnemotechnické pomůcky se hodí... barvy duhy (pořadí) 1
10. Někdy však k úspěchu v kvízu s... 1B 2C 3A 4D 1